El ABC de la reglamentacin̤ en propiedad horizontal

Bibliographic Details
Main Author: Ramr̕ez C., Martha Elena
Format: eBook
Language:Spanish
Published: Bogot:̀ Ediciones de la U, 2016
Subjects:
Online Access:Acceso restringido

MARC

LEADER 00000nam a22000007a 4500
005 20181217120737.0
007 cr|||| ||||
008 181217s2016 co |||||s|||| 00||0 spa d
020 |a 978-958-762-496-0 
035 |a 22502 
040 |a vLex 
090 |c 8337  |d 8337 
100 1 |a Ramr̕ez C., Martha Elena 
245 1 2 |a El ABC de la reglamentacin̤ en propiedad horizontal  |h [Recurso electrn̤ico] /  |c Martha Elena Ramr̕ez C. 
256 |a Servicio en ln̕ea 
260 |a Bogot:̀  |b Ediciones de la U,  |c 2016 
300 |a 1 recurso electrn̤ico 
506 1 |a Disponible solo en los productos indicados  |d vLex Global  |d vLex Global (Academic Edition, excluding Law Schools)  |d vLex Global (U.S. Academic Edition, Law Schools)  |d vLex Global (U.S. Academic Edition, excluding Law Schools)  |d vLex Global (Academic Edition, Law Schools) 
650 0 4 |a Derecho Civil  |z Colombia 
740 0 |a vLex Libros (Servicio en ln̕ea) 
856 4 0 |u http://vlex.com/source/abc-reglamentacion-propiedad-horizontal-22502  |z Acceso restringido 
942 |c BOOK 
999 0 |a Civil Law